000 00228nam a2200097Ia 4500
001 714656
005 20250826162909.0
008 250824s9999 xx 000 0 und d
245 0 _aHAYAT
_cAYŞE KULİN
260 _bEVEREST YAYINLARI
999 _c714656
_d714656